[Event "Oregon Open 2023"]
[Site "Portland Oregon"]
[Date "2023.09.02"]
[Round "1"]
[White "Zhou, Nathan L"]
[Black "Willy, Stephen"]
[Result "0-1"]
[WhiteElo "1898"]
[BlackElo "2100"]
[Annotator "Stephen WIlly"]
[PlyCount "42"]
[EventDate "2023.??.??"]
[SourceVersionDate "2023.09.15"]

1. e4 c5 2. Nf3 a6 {Time to make things imbalanced $1} 3. c4 {(note for future opponents I know how to play vs this now) when I had played a6 I had forgotten about c4 probably due to fatigue and I had tried to review this line a bit but I could not find a clear line for black so I already knew I was in some trouble here as I did not know how to play these structures} Nc6 4. d4 cxd4 5. Nxd4 g6 {Going for the dragon was a big mistake psychologically as I did not follow up with the typical dragon setup} (5... e5 {Has some interesting variations}) (5... e6 {I also knew some stuff about this position but without a6}) (5... Nf6) (5... d6) 6. Nc3 Bg7 7. Be3 e6 $5 {[%c_effect e6;square;e6;type;Interesting;persistent;true] I knew this was terrible objectively because of all my dark squared weaknesses but he probably knew what he was doing in the mainline dragon and I was facing a maroczy structure with no clue what to do so I thought why not play e6 and try and make him have to use actual skill as now my plan is rather simple if you give black a few tempos black will play Nge7 and castle and d5 (I even had some ideas of f5)} 8. Nxc6 $1 {[%c_effect c6;square;c6;type;GreatFind;persistent;true] This move is necessary at some point or else white has no advantage (At the time I thought this move didn't make sense as I had bxc6 and some attempts at tactics on b2 but when I analyzed I realized that I am 1 tempo too short for any tactics on b2 to work} bxc6 9. Qd2 {There is a problem here that is the dark squares which I knew would be a big problem but I underestimated how big of a problem they are and once I actually analyzed I realized that its almost impossible to get castled as during the game I thought on Nf6 he can play Bh6 and I just am suffering however if I don't play Nf6 then I will never be developed so I have to just suffer I was thinking after Nf6 Bh6 I can play Bxh6 Qxh6 Qb6 with some attempts at counterplay but it probably didn't work} Nf6 10. Bc5 {Oh wait why did I not think about this Qa5 doesn't work due to b4 gotta break out with d5 I guess} (10. Bh6 Bxh6 (10... O-O 11. h4) 11. Qxh6 Qb6 12. Qg7 (12. Be2) (12. O-O-O) 12... Qxb2 13. Qxh8+ Ke7) 10... d5 11. exd5 exd5 12. cxd5 $6 {[%c_effect d5;square;d5;type;Inaccuracy;keyPressed;undefined;persistent;true] I wasn't sure why he didn't just play Be2 and simply target my pawn but ok} (12. Be2) 12... Nxd5 $1 {[%c_effect d5;square;d5;type;GreatFind;keyPressed;undefined;persistent;true] cxd5 and I just lose the pawn at some point and still have no castling this move is typical in the normal dragon and I thought why not try it here (if you have seen my game against Erin in the state championship this is actually the same type of structure just I am not castled} (12... cxd5 13. Be2 {[%c_arrow e1g1;keyPressed;none;from;e1;opacity;0.8;to;g1;persistent;false,h1f1;keyPressed;none;from;h1;opacity;0.8;to;f1;persistent;false,f1e1;keyPressed;none;from;f1;opacity;0.8;to;e1;persistent;false,e1e8;keyPressed;none;from;e1;opacity;0.8;to;e8;persistent;false,e2f3;keyPressed;none;from;e2;opacity;0.8;to;f3;persistent;false]}) 13. Ne4 $2 {[%c_effect e4;square;e4;type;Mistake;persistent;true] One bad move comes after another this move is good in mainline theory (like in my game against erin) however here the difference is I am not castled and white should castle and try and mate me} (13. Bc4 $1 {[%c_effect c4;square;c4;type;GreatFind;persistent;true] And I am just lost I have no clue how I would have made counterplay here}) 13... Rb8 $1 {[%c_effect b8;square;b8;type;GreatFind;persistent;true] I dont care about my king being on d7 as its actually more safe there than on e8 and now my counterplay on b2 actually exists} 14. Nd6+ Kd7 15. Nc4 $4 {[%c_effect c4;square;c4;type;Blunder;persistent;true] You need to just play Ba3 and defend the pawn properly because of my next move} (15. Ba3) 15... Rxb2 $3 {[%c_effect b2;square;b2;type;Brilliant;persistent;true] Not the most pleasant thing to see at the board} 16. Qd3 $6 {[%c_effect d3;square;d3;type;Inaccuracy;persistent;true] I thought he should take on b2 and accept being down a queen and a pawn for a rook and a bishop and try and use my king on d7 for some counterplay this makes the conversion relatively easy} Re8+ 17. Kd1 Rb5 18. Rc1 Rxc5 19. Ne5+ Rxe5 20. Rxc5 Kc7 21. Rc4 Ne3+ {White resigns} (21... Bf5 {This is probably slightly better}) 0-1

[Event "Oregon Open 2023"]
[Site "Portland Oregon"]
[Date "2023.09.03"]
[Round "3"]
[White "Wang, Ted"]
[Black "Willy, Stephen"]
[Result "0-1"]
[WhiteElo "1976"]
[BlackElo "2100"]
[Annotator "Stephen WIlly"]
[PlyCount "90"]
[EventDate "2023.??.??"]
[SourceVersionDate "2023.09.15"]

1. e4 {Ted was going to be a hard challenge despite already being really strong he had started off the tournament with wins against a 2500 and a 2200......} c6 {I was preparing for Ted and noticed he played into the Tartakower which despite not playing I knew some theory and ideas} 2. d4 d5 3. Nc3 dxe4 4. Nxe4 Nf6 5. Nxf6+ exf6 6. c3 Bd6 7. Bd3 O-O 8. Qc2 Re8+ 9. Ne2 h5 10. Be3 (10. O-O {I think this line is best for white as the mainline white does not get an easy attack}) 10... Nd7 11. O-O-O Nf8 12. Ng3 $6 {[%c_effect g3;square;g3;type;Inaccuracy;persistent;true] I noticed Ted had played this in a previous tournament game and its not really that accurate} (12. c4 {[%emt 0:00:12] This is better rather than Ng3 it is played with Kb1 and both can be played on move}) (12. Kb1) 12... g6 {I remembered preparing this move and while it is also fine for black I think Be6 is more accurate} (12... Be6) 13. Ne4 Be7 {This was the end of my prep I knew black tries to go for Be6 b5 etc etc in these positions} 14. c4 Be6 {Preparing b5 as b5 right away is a free pawn white needs to do something or else he is blown off the board in these types of positions sometimes d5 is an idea against b5 (and maybe even without b5 in some scenarios) white would also like to have h3 g4 ideas but I think this Ng3 Ne4 maneuver makes that plan too slow} (14... b5 15. cxb5) 15. Nc3 Qa5 {The idea of Qa5 is to pressure a2 and also to play b5 and after cxb5 cxb5 Bxb5 I can move my rook to c8 now} 16. Kb1 (16. Qa4 {Stockfish likes trading the queens at this point}) 16... b5 17. cxb5 (17. d5 cxd5 18. cxb5 {Apparently this a thing too}) 17... cxb5 18. d5 Bd7 19. Ne4 {I thought this was a good move to get away from any ideas of b4 with tempo} f5 {I wanted to get the knight out before Bd4 butchers me I did not like Rc8 ideas because of Qd2} (19... Rac8 20. Qd2) 20. Nc5 (20. Qc3 {During the game I thought this was interesting for him}) 20... Rac8 21. Nb3 (21. Rc1 {Stockfish tries to say white is fine after this but this looks tedious for white}) 21... Qa4 $1 {[%c_effect a4;square;a4;type;GreatFind;persistent;true] Now if Qd2 just Bb4 and f4 wins the piece so he has to go to e2 right away} 22. Qe2 f4 $1 {[%c_effect f4;square;f4;type;GreatFind;persistent;true] I was hesitant to play this move as I couldn't see a forcing variation that worked but I just felt that the forcing move that forces his pieces back must be good and I was right} 23. Bc1 (23. Bd4 $4 {[%c_effect d4;square;d4;type;Blunder;persistent;true]} Bf6) 23... Bb4 $6 {[%c_effect b4;square;b4;type;Inaccuracy;persistent;true] I was not happy with any Qd2 ideas so I tried to stop it however Bg5 allowing it but protecting f4 is better (stopping Qf3) as I had the right idea (I was thinking Qf1 Re5) but this is the idea on Bg5 Qd2/Qf1} (23... Bg5 24. Qf1 (24. Qd2 Re5) 24... Re5) 24. Qf3 $1 {[%c_effect f3;square;f3;type;GreatFind;persistent;true] I don't know why I overlooked this and for a moment I was considering taking the exchange but it felt wrong as he gets a bishop and a pawn as well as freeing his pieces up and I thought he had compensation and I was right so here I played the forcing move} (24. Qf1 Re5 {This was my idea}) 24... Bd6 {Protecting f4 and threatening to trap the queen} 25. h3 $1 {[%c_effect h3;square;h3;type;GreatFind;persistent;true]} Nh7 {Trying to win the queen I thought here he should try to play g4 and use this opportunity to try and attack me} 26. g3 $2 {[%c_effect g3;square;g3;type;Mistake;persistent;true]} (26. g4 Ng5 $1 {[%c_effect g5;square;g5;type;GreatFind;persistent;true]} 27. Qg2 f3 28. Qg1 Ne4 29. gxh5 Bf5 {White has no more attack but better try}) 26... Ng5 $1 {[%c_effect g5;square;g5;type;GreatFind;persistent;true] And here comes a set of forcing moves that keeps away the queen and the attack for white} 27. Qg2 f3 $1 {[%c_effect f3;square;f3;type;GreatFind;persistent;true]} 28. Qf1 $1 {[%c_effect f1;square;f1;type;GreatFind;persistent;true]} Ne4 $1 {[%c_effect e4;square;e4;type;GreatFind;persistent;true]} 29. Ka1 $2 {[%c_effect a1;square;a1;type;Mistake;persistent;true] He is just moving into the attack} Be5 $6 {[%c_effect e5;square;e5;type;Inaccuracy;persistent;true] Stockfish here shows a rather nice idea} (29... Nc3 $3 {[%c_effect c3;square;c3;type;Brilliant;persistent;true]} 30. bxc3 Rxc3 31. Kb1 {Only move to get out of losing a piece} Rxd3 $1 {[%c_effect d3;square;d3;type;GreatFind;persistent;true] This is the point and white's king is too weak}) 30. Re1 $2 {[%c_effect e1;square;e1;type;Mistake;persistent;true] Now its just dead lost he needed to take the knight and try and trade the queens but that is rather unpleasant} (30. Bxe4 Qxe4 31. Qd3) 30... Nc3 $1 {[%c_effect c3;square;c3;type;GreatFind;persistent;true] I almost missed this but then saw it now the game is over} 31. Bb1 Bf5 32. bxc3 Bxc3+ 33. Bb2 Rxe1 34. Qxe1 Bxe1 35. Rxe1 Bxb1 36. Rxb1 Qe4 37. Rd1 Qe2 38. Rc1 Rxc1+ 39. Bxc1 Qxf2 40. d6 Qb6 41. Bf4 f2 42. Nd2 g5 43. Be5 Qe3 44. d7 Qxd2 45. d8=R+ Qxd8 {White resigns} 0-1

[Event "Oregon Open 2023"]
[Site "Portland Oregon"]
[Date "2023.09.03"]
[Round "4"]
[White "Willy, Stephen"]
[Black "Breckenridge, Steven"]
[Result "1-0"]
[WhiteElo "2100"]
[BlackElo "2293"]
[Annotator "Stephen WIlly"]
[PlyCount "77"]
[EventDate "2023.??.??"]
[SourceVersionDate "2023.09.15"]

1. e4 e5 {I had no clue what I wanted to play as I had no time to prepare so I almost went for something dubious before backing out by the possibility of him knowing it and going for the scotch instead} 2. d4 exd4 3. Nf3 Nc6 4. Nxd4 Nf6 5. Nc3 {For higher rated players this line is annoying as its hard to play for advantage so he went for something different than the mainline with Bb4} Bc5 $5 {[%c_effect c5;square;c5;type;Interesting;persistent;true] Unfortunately for him a GM had played this line a few weeks before this game and after getting destroyed I analyzed what was best} (5... Bb4 {Even though its drawish I think its less hope chess of a move}) 6. Be3 Bb6 7. Nf5 $1 {[%c_effect f5;square;f5;type;GreatFind;persistent;true] White will get a strong control over the d5 square} (7. Nxc6 bxc6 8. Bxb6 axb6 {I played like this vs the GM and lost}) 7... O-O 8. Bxb6 axb6 9. Ne3 Re8 10. Bc4 Ne5 (10... b5 {Apparently some thematic move we didn't know}) 11. Be2 $6 {[%c_effect e2;square;e2;type;Inaccuracy;persistent;true] Against d6 and Ng4 at some point but rather passive and runs into some problems} (11. Bb3 b5 (11... d6)) 11... Ng6 12. f3 c6 {Preparing d5} 13. Qd4 {Protecting my knight against d5 which somehow can still be played with a combination of b5 too $2} Nf4 (13... d5 14. exd5 b5) 14. e5 $2 {[%c_effect e5;square;e5;type;Mistake;persistent;true]} (14. Qd6 {I should just block the d-pawn}) 14... N6h5 (14... Nxe2 {I think this is also pretty strong} 15. Nxe2 (15. Kxe2 c5 {Black is better}) 15... c5 16. Qc3 d5 17. exd6 Qxd6 {I have some structural compensation I guess but I have to play kf2 and stuff}) 15. O-O-O {My idea against Rxa2 was Kb1 Ra8 Bc4 but this is refuted by b5 and Qa5} Qg5 $2 {[%c_effect g5;square;g5;type;Mistake;persistent;true] While this looks good I am luck that his pieces are too tangled to win the e5 pawn} (15... Rxa2 16. Kb1 Ra8 17. Bc4 b5 $1 {[%c_effect b5;square;b5;type;GreatFind;persistent;true]} 18. Bb3 Qa5 $1 {[%c_effect a5;square;a5;type;GreatFind;persistent;true]}) 16. Bf1 $1 {[%c_effect f1;square;f1;type;GreatFind;persistent;true] I must protect g2} b5 (16... Qxe5 17. Qxe5 Rxe5 18. Nc4) (16... Rxe5 17. Ne4 $1 {[%c_effect e4;square;e4;type;GreatFind;persistent;true]} Qe7 18. g3 {His pieces are too tangled to take on e5}) 17. g3 $1 {[%c_effect g3;square;g3;type;GreatFind;persistent;true]} Ne6 {He probably missed my next move} 18. f4 $1 {[%c_effect f4;square;f4;type;GreatFind;persistent;true]} Nxd4 19. fxg5 {He has problems in this position as his c8 bishop is out of play and his d4 knight is hanging while I have ideas to try and win his h5 knight (he is pretty much lost already)} c5 (19... Ne6 20. Be2 g6 21. Bxh5 gxh5 22. Ne4) 20. Bxb5 {His c8 bishop is a problem in many lines as well as his h5 knight in a few other} Rxe5 21. Nc4 Re6 22. Rhe1 d5 23. Nb6 Ra5 24. Nxc8 Nxb5 25. Nxd5 g6 26. g4 Rxe1 27. Rxe1 Ng7 28. Nf6+ Kh8 29. Re7 Ra8 30. Nb6 Rd8 31. Nbd7 Nd4 32. c3 (32. Ne5 {Never too late to blunder mate} Ne2+ 33. Kb1 Rd1#) 32... Nc6 33. Rxf7 c4 34. h4 Ra8 35. h5 Rg8 36. h6 Nd8 37. hxg7+ {He grabbed his knight to take the rook but then put it back} Rxg7 38. Rf8+ Rg8 39. Rxg8# 1-0

[Event "Oregon Open 2023"]
[Site "Portland Oregon "]
[Date "2023.09.04"]
[Round "6"]
[White "Zavortink, Matt"]
[Black "Willy, Stephen"]
[Result "0-1"]
[WhiteElo "2286"]
[BlackElo "2100"]
[Annotator "Stephen WIlly"]
[PlyCount "56"]
[EventDate "2023.??.??"]
[SourceVersionDate "2023.09.15"]

{[%evp 0,56,19,29,55,12,10,-9,9,19,7,9,64,46,32,32,26,12,18,20,-50,-72,34,18,23,-7,-7,22,22,-5,27,-27,-106,-70,-100,-69,-63,-92,-73,-73,-85,-106,0,-20,61,81,46,46,46,-84,-247,-289,-422,-584,-596,-671,-690,-717,-758]} 1. Nf3 c5 {Thanks to Ted I knew that he played the Reti so rather than playing what I normally play I wanted to play against him getting any setups with d4 that he might be comfortable with (here I was hoping he did not go into a sicillian as I was not sure what I was going to do)} 2. g3 (2. e4) 2... Nc6 {Trying to go for e5} 3. Bg2 e5 4. c4 {Now its like an english} d6 5. Nc3 Nge7 {Trying to stop him from putting a knight on d5 too easily} 6. O-O (6. d3 {My coach suggested this saying that this move order with Nge7 doesn't work for black however I have an idea that happens in a few openings that allows this to work} g6 7. Bg5 Bg7 8. Nd5 {This is the point now the knight is strong and white goes after the f6 square however....} h6 9. Bf6 Bxf6 10. Nxf6+ Kf8 {I just give him the f6 square and go to g7 and in fact I am perfectly fine here}) 6... g6 {Because of thinking about Be5 f6 for so long I am about 30-40 minutes behind (I don't remember exactly how much)} (6... Be6 7. d3 f6 {I was so tempted to do this but in my mind I knew it had to be bad (it is because Nd2 and then white has the d5 square and the long diagonal) but its not nearly as bad as I thought}) 7. a3 (7. d3 {This makes more sense to me}) 7... Bg7 8. b4 {He told me after the game that this is a thematic idea that normally black should not allow however its hard to see what this actually does to black if I just ignore it (I think the only prospect of the b4 pawn is to take on c5 at some point when white wants to) delaying d3 clearly has a toll for a bit} O-O 9. Rb1 (9. d3 e4 {This would be bad for him}) 9... f5 {He still can't play d3 because of e4} 10. Nd5 {This is an interesting move normally playing Nd5 when you can only take back with the pawn is bad but I thought if I took then after he takes back he blocks up my pieces and its hard for me to move I always have the choice of e4 here but idk I like being flexible and not having the prospect of being undermined} h6 11. d3 {Initially I wanted ideas like g5 but I realized that doesn't work here (Nxg5 followed by b5 is good for white) so instead I decided to go for Be6 since he can't play Ng5 anymore} Be6 {Here I thought it made sense for him to go Nd2 and keep the knight strong on d5 (as is good in many of these positions) also apparently b5 is a line because if Nd4 then Nd2 and I have to give my knight room} 12. bxc5 {Here I initially planned to play dxc5 and hold everything together because his knight on d5 is under attack and if he takes on e7 with check I just play Qxe7 and defend my pawn but then I realized that after Nxd5 cxd5 Bxd5 cxd6 rather than having to take on d6 right away I can just play Rb8 and then take on d6 and be fine} (12. b5 Nd4 13. Nd2 f4 14. e3 fxe3 15. fxe3 Ndf5) (12. Nd2) 12... Nxd5 (12... dxc5 13. Nxe7+ Qxe7) 13. cxd5 Bxd5 14. Rxb7 (14. cxd6 Rb8 (14... Qxd6 15. Rxb7)) 14... dxc5 15. Qa4 $2 {[%c_effect a4;square;a4;type;Mistake;persistent;true] He loses any advantage he has here because he missed something a bit subtle about the variation with e4} (15. Rb5 {He should just be annoying and go after my c-pawn}) 15... e4 $1 {[%c_effect e4;square;e4;type;GreatFind;persistent;true] I realized the variation that he played in the game is best for him quite fast however he spent quite a big amount of time on his next moves} 16. dxe4 fxe4 17. Nd2 Nd4 $1 {[%c_effect d4;square;d4;type;GreatFind;persistent;true] Here he missed Rd7 is met by Qe8} 18. Rxg7+ {He must play this for any hope of compensation but now he has about 20 minutes} (18. Rd7 Qe8) 18... Kxg7 19. Bb2 {Now he attacks my e4 pawn and threatens to play e3 and win my knight here I considered offering a draw but then I took a quick look the the game between Vikram and Ted and even though it looked like it was headed towards a draw Vikram had some chances to win as it was a knight endgame with equal pawns but he has a sneaky passed b-pawn which might give him some chances so I decided not to offer a draw} Qf6 {Threatening Nxe2+ or if e3 Ne2+ still} 20. Kh1 {Avoiding check and I had calculated this variation from when I played e4 however here I did not know what to do but then I saw an interesting idea to play Bc6 and then e3 if he allows me} (20. e3 Ne2+) 20... Bc6 21. Qd1 {Uh oh I missed that and now he is threatening e3 and e3 doesn't work for me (Qa5/Qc4 attacking c5 was better but yeah he didn't play that) here I was quite nervous with the entire tournament on the line I needed to find a way to not lose 2 pieces for the rook and be worse so I spent some time calculating and at first I was calculating Rae8 e3 Bb5 Nxe4 Rxe4 Bxf1 Qxf1 Qxf2 Qxf2 Bc3 and thought I couldn't avoid exd4 so I discarded that variation and started to think of ways to sacrifice the knight after like Rae8 e3 move smth exd4 and cxd4 but that didn't seem like it would help then somehow I came back to the variation I did before and saw that at the end of that line I have Re2 $1 after Bc3 and if he takes the knight I take his bishop so I played Rae8} (21. Qa5) (21. Qc4) 21... Rae8 22. e3 Bb5 $1 {[%c_effect b5;square;b5;type;GreatFind;persistent;true]} 23. Re1 $6 {[%c_effect e1;square;e1;type;Inaccuracy;persistent;true] Rg1 and Qc1 was needed for black to not have some advantage apparently} (23. Rg1 Qxf2 24. Qc1) 23... Qxf2 24. Ba1 $4 {[%c_effect a1;square;a1;type;Blunder;persistent;true] This loses the game} (24. Bc3 Kh7 25. Nxe4 Rxe4 26. Bxe4 Be2 27. Qd2 {[%eval -60,0] And black is only about}) 24... Kh7 $1 {[%c_effect h7;square;h7;type;GreatFind;persistent;true]} 25. exd4 e3 26. Ne4 Rxe4 27. Bxe4 e2 28. Rxe2 Bxe2 {White flags 0-} 0-1